Polska Geografia - Statystyki

Ogólne statystyki
  • Ten quiz został rozwiązany 54 razy
  • Średni wynik to 15 z 16
Statystyki odpowiedzi
Stolica Województwo % Poprawnych
Warszawa Mazowieckie
98%
Katowice Śląskie
98%
Wrocław Dolnośląśkie
96%
Łódź Łódzkie
96%
Gorzów Wlkp., Zielona Góra Lubuskie
96%
Gdańsk Pomorskie
96%
Poznań Wielkopolskie
96%
Opole Opolskie
94%
Olsztyn Warmińsko-Mazurskie
94%
Szczecin Zachodnio-Pomorskie
94%
Kraków Małopolskie
92%
Białystok Podlaskie
92%
Bydgoszcz, Toruń Kujawsko-Pomorskie
88%
Lublin Lubelskie
88%
Rzeszów Podkarpackie
88%
Świętokrzyskie Kielce
64%
Nie znaleziono quizów pasujących do podanych kryteriów
Rozkład punktacji
Procent ludzi z każdym wynikiem
Percentyl według liczby udzielonych odpowiedzi
Twoja historia wyników
Nie rozwiązałeś tego quizu